01633nam a22002657a 4500001000400000003000400004005001700008008004100025020001800066040000800084082001800092100003500110245013000145250001000275260003100285300001100316520085100327650002601178650001701204650001701221650002101238650003801259655001201297700005801309381OSt20250404102755.0250404b |||||||| |||| 00| 0 eng d a9788542207811 bpor a133.93bC284e0 aCarlos, Antonioc(Espírito). aO Escravo: bDa África para a senzala / cCarlos, Antonio (espirito) ; Psicografado por Vera Lúcia Marinzeck de Carvalho. a2 ed. aSão PaulobPlanetac2017 a239 p. aUba vivia tranquilamente numa aldeia na África com a esposa e duas filhas, quando esta foi invadida por mercenários em busca de escravos. Uba viu sua esposa ser morta e não conseguiu socorrê-la. Começou ali uma vida diferente para ele, de privações e humilhações. Sem entender, foi preso junto a outros homens e, num navio, foi levado para longe. Veio para o Brasil, foi comprado como uma mercadoria e levado para uma fazenda, para a senzala. Passou a ser chamado de João, e tudo mudou. Aos poucos, foi entendendo o que era ser escravo. Foi no cativeiro que seu espírito aprendeu muitas coisas e mudou sua relação com o trabalho. O escravo – Da África para a senzala é um livro que emociona. Vale a pena ler esta obra que, em forma de romance, conta um pouquinho sobre como era ser escravo nas terras brasileiras.  0aLiteratura Brasileira 0aPsicografias 0aEscravidão 0aReencarnação 0aVisão espírita da história  0aRomance1 aCarvalho, Vera Lúcia Marinzeck de,d1948-emédium